Los orígenes de la civilización moderna

שמור ב:
מידע ביבליוגרפי
מחבר ראשי: Kurth, Godofredo (Author)
פורמט: ספר
שפה:ספרדית
יצא לאור: Buenos Aires Emecé 1948
נושאים:
תגים: הוספת תג
אין תגיות, היה/י הראשונ/ה לתייג את הרשומה!

MARC

LEADER 00000nam a2200000 a 4500
001 UCP4353
003 CL-VaPUC
008 990724e19480000AG |||||||||||||||||spa|d
082 0 4 |a 930.2  |b KUR  |2 21 
100 |a Kurth, Godofredo  |e author  |9 529716 
245 1 4 |a Los orígenes de la civilización moderna 
300 |a 481 p 
942 |c BK 
945 |d 19990724 00:00:00  |a crobeson 
260 |a Buenos Aires  |b Emecé  |c 1948 
600 0 |a Carlomagno  |9 343111 
650 0 |a Historia universal  |9 266877 
650 0 |a Imperio Romano  |9 322785 
650 0 |a Iglesia   |9 255004 
650 0 |a Imperio Bizantino  |9 315386 
650 7 |a REINOS ARRIANOS  |2 CL-VaPUC  |9 431819 
650 0 |a Catolicismo  |9 258690 
650 0 |a Bárbaros  |9 401294 
650 7 |a CAROLINGIOS  |2 CL-VaPUC  |9 320966 
583 |a last modification  |c 19990724 00:00:00  |k Rodrigo Vera 
999 |c 282337  |d 282335 
952 |0 0  |1 0  |4 0  |6 930_200000000000000_KUR_1948  |7 0  |8 X  |9 323991  |a BIBHIS  |b BIBHIS  |d 2019-11-20  |i 1354019  |o 930.2 KUR 1948  |p 1354019  |r 2024-01-30  |w 2019-11-20  |y BK_X  |k HIS